Statystyki dla 15 najbardziej dotkniętych krajów Covid-19 - 9 lutego 2022

Kliknij tutaj aby rozwiązać quiz!

Ogólne statystyki

  • Ten quiz został rozwiązany 33 razy
  • Średni wynik to 17 z 28

Statystyki odpowiedzi

kraj% Poprawnych
Stany Zjednoczone
100%
Hiszpania
94%
Polska
94%
Włochy
94%
Francja
91%
Niemcy
91%
Rosja
91%
Brazylia
81%
Indie
81%
Wielka Brytania
75%
Portugalia
72%
Argentyna
69%
Holandia
63%
Holandia
63%
Belgia
59%
Czechy
59%
Turcja
50%
Szwajcaria
44%
Kolumbia
41%
Dania
38%
Iran
38%
Estonia
34%
Litwa
34%
Chorwacja
31%
Łotwa
31%
Słowenia
28%
Izrael
19%
Gruzja
13%

Rozkład punktacji

Percentyl według liczby udzielonych odpowiedzi

Procent ludzi z każdym wynikiem

Twoja historia wyników

Nie rozwiązałeś tego quizu